The enduring effects of racial discrimination on income and health (Record no. 525261)

000 -LEADER
fixed length control field 01370nam a22001457a 4500
008 - FIXED-LENGTH DATA ELEMENTS--GENERAL INFORMATION
fixed length control field 240220b ||||| |||| 00| 0 eng d
100 ## - MAIN ENTRY--PERSONAL NAME
Personal name Eli, S.J., Logan, T.D. and Miloucheva, B.
245 ## - TITLE STATEMENT
Title The enduring effects of racial discrimination on income and health
260 ## - PUBLICATION, DISTRIBUTION, ETC. (IMPRINT)
Place of publication, distribution, etc Journal of Economic Literature
300 ## - PHYSICAL DESCRIPTION
Extent 61(3), Sep, 2023: p. 924-940
520 ## - SUMMARY, ETC.
Summary, etc We investigate the effect of income on the long-standing racial mortality gap in the United States by using evidence from White and Black Civil War veterans who went on to receive postwar pensions. To circumvent endogeneity, we propose an exogenous source of variation in pension income: the judgment of the doctors who certified disability. We find large effects of pension income on longevity; large enough to close the Black–White mortality gap, in principle. However, because physicians discriminated against Blacks when evaluating the existence and severity of disabilities, Blacks received reduced pension benefits that failed to eliminate racial mortality gaps in practice. Our findings shed light on the role of beliefs about race, as opposed to racial animus, in contributing to racial differentials in well-being.- Reproduced

https://www.aeaweb.org/articles?id=10.1257/jel.20221706
773 ## - HOST ITEM ENTRY
Main entry heading Journal of Economic Literature
906 ## - LOCAL DATA ELEMENT F, LDF (RLIN)
Subject DIP RACE DISCRIMINATION
942 ## - ADDED ENTRY ELEMENTS (KOHA)
Item type Articles
Holdings
Withdrawn status Lost status Source of classification or shelving scheme Damaged status Not for loan Permanent location Current location Date acquired Serial Enumeration / chronology Barcode Date last seen Koha item type
          Indian Institute of Public Administration Indian Institute of Public Administration 2024-02-20 61(3), Sep, 2023: p. 924-940 AR131069 2024-02-20 Articles

Powered by Koha